Loading...
| Current Events | 1 | 0.00 | 0% | 0% | 0% |
| Fine Arts - Classical Music | 4 | 7.50 | 75% | 0% | 0% |
| Fine Arts - Other Fine Arts | 6 | 15.00 | 67% | 50% | 33% |
| Geography | 3 | 13.33 | 67% | 67% | 0% |
| History - American History | 6 | 25.00 | 100% | 100% | 50% |
| History - European History | 4 | 20.00 | 100% | 75% | 25% |
| History - Other History | 5 | 24.00 | 100% | 100% | 40% |
| History - World History | 2 | 30.00 | 100% | 100% | 100% |
| Literature - American Literature | 7 | 11.43 | 71% | 43% | 0% |
| Literature - British Literature | 5 | 4.00 | 40% | 0% | 0% |
| Literature - European Literature | 6 | 13.33 | 100% | 17% | 17% |
| Literature - World Literature | 4 | 15.00 | 100% | 25% | 25% |
| Mythology | 8 | 17.50 | 88% | 63% | 25% |
| Painting/Sculpture | 4 | 15.00 | 100% | 50% | 0% |
| Philosophy | 5 | 14.00 | 100% | 20% | 20% |
| Pop Culture | 2 | 10.00 | 50% | 50% | 0% |
| Religion | 4 | 7.50 | 75% | 0% | 0% |
| Science - Biology | 4 | 17.50 | 100% | 75% | 0% |
| Science - Chemistry | 5 | 8.00 | 60% | 20% | 0% |
| Science - Other Science | 4 | 7.50 | 50% | 25% | 0% |
| Science - Physics | 6 | 10.00 | 100% | 0% | 0% |
| Social Science | 1 | 20.00 | 100% | 0% | 100% |